It looks like you're offline.
Open Library logo
additional options menu

MARC record from Internet Archive

LEADER: 00759cam a2200217gu 4500
001 1062716
008 900531s1919 enk j lat x
035 $a(Sirsi) AMS-9231
040 $aOTU$bENG
090 8 $aPA 3405 .S8LP4$bTRINSTOR
090 19 $aLL P5324P$bROBA$c1
100 00 $aPhaedrus.
245 00 $aFabulae Aesopiae;$ccum Nicolai Perotti prologo et decem novis fabulis, recognovit Iohannes Percival Postgate.
260 0 $aOxonium,$bE. typ. Clarendoniano$c[pref. 1919]
300 $axxviii, [110] p.
596 $a26 43
700 10 $aPerotti, Niccolò,$d1430-1480
700 10 $aPostgate, J. P.$q(John Percival),$d1853-1926.
948 $a07/15/1992$b12/26/2000
926 $aROBARTS$bSTACKS$cLL P5324P$dBOOK$f1
926 $aTRINITY$bSTORAGE$cPA3405 .S8 LP4$dBOOK$f1